Hospodársky cyklus a možnosti stabilizačnej politiky na jeho ovplyvňovanie diplomová práca

Guardado en:
Detalles Bibliográficos
Autor principal: Kováčiková, Miroslava
Autor Corporativo: Národohospodárska fakulta EU. Katedra financií
Otros Autores: Matoušková, Eleonóra, 1962-
Formato: Libro
Lenguaje:eslovaco
Publicado: Bratislava 2009
Etiquetas: Agregar Etiqueta
Sin Etiquetas, Sea el primero en etiquetar este registro!

MARC

LEADER 00000nam$a2200000$$$4500
001 0096657
005 20240318141349.3
041 0 |a slo 
044 |a SK 
245 1 0 |a Hospodársky cyklus a možnosti stabilizačnej politiky na jeho ovplyvňovanie  |b diplomová práca  |c Miroslava Kováčiková ; škol. Eleonóra Matoušková 
264 1 |a Bratislava  |c 2009 
300 |a 73 s. 
100 1 |a Kováčiková, Miroslava 
700 1 |a Matoušková, Eleonóra, 1962- 
710 2 |a Národohospodárska fakulta EU. Katedra financií